000 00865nac a22002537a 4500
001 BR8902510
003 BR-BrBNA
005 20240105120949.0
008 230509b bl.|||m| |||| 00| 0 por d
040 _aBR-BrBNA
_bpor
_cBiblioteca Nacional de Agricultura
072 _aF40
090 _aF40 BR8902510
100 1 _aVianna, M.C.
100 1 _aOliveira, R.F. de
100 1 _aWetzlar, E.H.V.H.
110 1 _aSociedade Botanica do Brasil, Rio de Janeiro, RJ (Brasil)
_99614
245 1 _aVocabulario botanico alemao-portugues. Ensaio preliminar
_bContinuacao das Atas da Sociedade Botanica do Brasil, 2(2)1983
260 3 _aRio de Janeiro, RJ (Brasil):
_c1984.
300 _a12 p.
490 _aAtas da Sociedade Botanica do Brasil (Brazil)
_vv. 2(8)
_x
650 _aBOTANICA
909 _a202312
_bLúcia Elande
_c55
_dLúcia Elande
942 _2AGRIS
_n0
_cMS
999 _c282481
_d282481